000 00591nam a22002177a 4500
003 UA-OsUOA
001 86688
007 ta
008 20120910b un ||||| |||| 00| 0 ukr d
090 _a94(477).093
_bВ11
942 _cBK
040 _aUA-OsUOA
_brus
_cUA-OsUOA
_dUA-OsUOA
245 _aВ боях за Карпаты
_cсост. Венков Б. С.
300 _a384 с.
955 _a2
041 _arus
080 _a94(477).093
260 _aУжгород
_bКарпати
_c1975
650 7 _a9 Географія. Біографії. Історія
_2UDC
999 _c372862
_d372862